| 000 | 00776nam a22002177a 4500 | ||
|---|---|---|---|
| 005 | 20240530110347.0 | ||
| 008 | 141209s2009 su f f 000 0 ara d | ||
| 040 | _aEG-CaGPL | ||
| 041 | 1 |
_aara _heng |
|
| 082 | 0 | 4 |
_221 _a743.8\ _bس ك |
| 100 | 1 | _aسيداواى ، ايان | |
| 245 | 1 | 0 |
_aكيف ترسم الجمادات : _bدليل المبتدئين لرسم 10 موضوعات خطوة بخطوة / _cايان سيداواى |
| 250 | _aط 1 | ||
| 260 |
_aالرياض : _bمكتبة جرير ، _c2009 |
||
| 300 |
_a80 ص : _bصور لو ؛ _c28 سم |
||
| 650 | 0 | 4 |
_aالرسم _xتعليم وتدريس |
| 650 | 0 | 4 | _aالرسم بالفحم |
| 650 | 0 | 4 |
_aالرسم _xالطرق الفنية |
| 942 |
_2ddc _cBK |
||
| 999 |
_c59989 _d59989 |
||